Darstellende geometrie

Αποθηκεύτηκε σε:
Λεπτομέρειες βιβλιογραφικής εγγραφής
Κύριος συγγραφέας: Hausser, Robert
Μορφή: Βιβλίο
Γλώσσα:German
Δημοσίευση: Berlin : Walter de Gruyter, 1943
Έκδοση:4 Aufl.
Σειρά:Sammlung Goschen ; ; 143
Θέματα:
Ετικέτες: Προσθήκη ετικέτας
Δεν υπάρχουν, Καταχωρήστε ετικέτα πρώτοι!

MARC

LEADER 00000cam a2200000 i 4500
001 1/7492
008 100514s1943 ger d
035 |l 10107880 
040 |a GR-MY-UA  |b gre  |e aacr 
041 0 |a ger 
082 0 |a 516.6  |2 (22) 
100 1 |a Hausser, Robert. 
245 1 0 |a Darstellende geometrie /  |c Robert Haussner 
250 |a 4 Aufl. 
260 |a Berlin :   |b Walter de Gruyter,   |c 1943 
300 |a 168 σ.;  |b εικ.;  |c 16 εκ. 
490 1 |a Sammlung Goschen  |v ; 143 
504 |a Τ. 2. Perspektive ebener gebilde kegelsschnitte 
650 0 0 |a Geometry, Descriptive. 
740 0 2 |a Perspektive ebener gebilde kegelscnitte 
830 0 |a Sammlung Goschen ;  |v ; 143 
852 |a INST  |b SAMOS  |c MAG  |e 20100514  |h 516.6 HAU  |p 005300031881  |q 005300031881  |t BK  |v τ.2:  |y 0  |z τ.2 
853 |a INST  |b SAMOS  |c MAG  |h 516.6 HAU 
901 |a BIBL3-2010-2 
909 |a Σ  |b 162319 
970 |a ΣΙΤΖΙΜΗ  |b ΓΙΑΣΕΜΗ  |z 2010/05/14